000 00304nam a2200133 i 4500
001 bg
100 1 _aLASKOWSKI, W.
245 0 _aRacjonalizacja zatrudnienia /
_cW. Laskowski.
260 _aWarszawa,
_c1987.
040 _cBPK
041 _apol
942 _cKS
008 s pl f |000 0 pol
999 _c3609
_d3609
856 _uhttp://koha.tu.koszalin.pl/cgi-bin/koha/opac-detail.pl?biblionumber=3609
_yKatalog online BPK